Star Wars : Dans quel film meurt le personnage ? - Statistiques

Statistiques générales
  • Ce quiz a été pris 114 fois
    113 depuis la dernière actualisation
  • Le résultat moyen est 13 sur 15
Statistiques - réponses
Personnages Numéro du film Nom du film % Correct
Padmé Amidala 3 La Revanche des Sith
95%
Qui-Gon Jinn 1 La Menace fantôme
92%
Anakin Skywalker / Dark Vador 6 Le Retour du Jedi
92%
Yoda 6 Le Retour du Jedi
92%
Comte Dooku 3 La Revanche des Sith
91%
Mace Windu 3 La Revanche des Sith
86%
Luke Skywalker 8 Les Derniers Jedi
84%
Han Solo 7 Le Réveil de la Force
83%
Obi-Wan Kenobi 4 Un nouvel espoir
83%
Leia Organa 9 L'Ascension de Skywalker
80%
Shmi Skywalker 2 L'Attaque des clones
78%
Owen Lars et Beru Lars 4 Un nouvel espoir
78%
Kylo Ren / Ben Solo 9 L'Ascension de Skywalker
77%
Jango Fett 2 L'Attaque des clones
77%
Amiral Ackbar 8 Les Derniers Jedi
64%
Aucun quiz correspondant
Distribution des résultats
% des personnes avec chaque résultat
Percentile par nombre de réponses
Votre historique - résultats
Vous n’avez pas pris ce quiz depuis la dernière actualisation